Szerelik a legmodernebb spektroszkópot

Elmentve itt :
Bibliográfiai részletek
Dokumentumtípus: Cikk
Megjelent: 1965-01-24
Sorozat:Délmagyarország 55 No. 20
Kulcsszavak:Mezőgazdaság minőség vizsgálata 1965, mezőgazdasági intézetek
Online Access:http://dmarchiv.bibl.u-szeged.hu/67979
LEADER 00463nab a2200145 i 4500
001 delm67979
005 20180927153739.0
008 180927s1965 hu o 0|| hun d
040 |a SZTE Délmagyarország Archívum  |b hun 
041 |a hun 
245 0 0 |a Szerelik a legmodernebb spektroszkópot  |h [elektronikus dokumentum] 
260 |c 1965-01-24 
300 |a 4 
490 0 |a Délmagyarország  |v 55 No. 20 
695 |a Mezőgazdaság minőség vizsgálata 1965, mezőgazdasági intézetek